| Tag |
First Indicator |
Second Indicator |
Subfields |
| LEADER |
00000cam a2200000 i 4500 |
| 001 |
in00000039571 |
| 005 |
20151007081828.0 |
| 008 |
770225s1853 xx 00000 eng |
| 010 |
|
|
|a 10032122
|
| 035 |
|
|
|a (OCoLC)02763316
|
| 035 |
|
|
|9 AAF6969AM
|
| 040 |
|
|
|a DLC
|c RSC
|d TXA
|d UtOrBLW
|
| 049 |
|
|
|a TXAM
|c [404599]
|
| 050 |
0 |
0 |
|a B1421
|b .A2 1853
|
| 092 |
|
|
|a 192
|b H222p
|
| 100 |
1 |
|
|a Hamilton, William,
|c Sir,
|d 1788-1856.
|
| 245 |
1 |
0 |
|a Philosophy of Sir William Hamilton, bart. ... :
|b Arranged and edited by O. W. Wight ... For the use of schools and colleges.
|
| 264 |
|
1 |
|a New York :
|b D. Appleton,
|c 1853.
|
| 300 |
|
|
|a 530p. ;
|c 22cm.
|
| 336 |
|
|
|a text
|b txt
|2 rdacontent
|
| 337 |
|
|
|a unmediated
|b n
|2 rdamedia
|
| 338 |
|
|
|a volume
|b nc
|2 rdacarrier
|
| 600 |
1 |
0 |
|a Wight, O. W.
|q (Orlando Williams),
|d 1824-1888.
|
| 650 |
|
0 |
|a Philosophy.
|
| 999 |
|
|
|a MARS
|
| 999 |
f |
f |
|s 07c3cae1-e439-30bc-ab82-b562e8c7da95
|i 5b731a1a-64c3-3551-84c6-a97246bee78d
|t 0
|
| 952 |
f |
f |
|p ric
|a Texas A&M University
|b Rellis Campus
|c Joint Library Facility
|d Remote Storage
|t 0
|e B1421 .A2 1853
|h Library of Congress classification
|i unmediated -- volume
|m A14800542287
|
| 998 |
f |
f |
|a B1421 .A2 1853
|t 0
|l Remote Storage
|